00815cam a2200229 a 450000100030000000300100000300500170001300800410003002000180007104000250008908000160011410000360013024501800016626000380034630000270038450400250041160000350043665000340047165000270050565000270053265000260055986BR-CuiBMT20231107233401.0230810s2020 mgba 000 0 por d a9786555180312 aBR-CuiBMTcBR-CuiBMT 22007a342.91 aCarvalho, Fábio Lins de Lessa10aPontes de Miranda e a administração pública :bo pensamento ponteano no direito administrativo /cFábio Lins de Lessa Carvalho ; prefácio: Marcos Bernardes de Mello. aBelo Horizonte :bFórum,c2020. a199 p. :bil. ;c22 cm aInclui bibliografia.14aMiranda, Pontes de,d1892-1979 aAdvogadoszBrasilxHistória aDireito administrativo aDireito constitucional aHistória do direito